| 000 | 00470nam a2200193Ia 4500 | ||
|---|---|---|---|
| 008 | 170918s9999 xx 000 0 und d | ||
| 020 | _a9781416978084 | ||
| 050 | _bM216 2009 | ||
| 100 | _aMahy, Margaret | ||
| 245 | 4 | _aThe magician of hoad / | |
| 245 | _cMargaret Mahy. | ||
| 260 | _aNew York : | ||
| 260 | _bMargaret K. McElderly Books, | ||
| 260 | _c2009 | ||
| 300 | _a411 pages : | ||
| 300 | _bcolored illustration ; | ||
| 300 | _c21cm. | ||
| 500 | _a1010 | ||
| 999 |
_c342375 _d342375 |
||